Responses for Show #4025 - Friday, February 15, 2002

2002 Teen Tournament final game 2.

Contestants

[<< previous game]

Seth Disner, a senior from Los Angeles, California (subtotal of $27,300)

Bernard Holloway, a junior from Mitchellville, Maryland (subtotal of $22,000)

George Nelson, a senior from Montgomery, Alabama (subtotal of $20,000)

[next game >>]

Jeopardy! Round responses

THIS LAND IS THEIR LAND
(Alex: Watch out for this one...)
TRICKY QUESTIONS
HOLIDAYS & OBSERVANCES
ANIMATED CHARACTERS
(Alex: Like me.)
KNOW YOUR BIBLE
"I" AYE
    $200 20
China

George
    $200 1
because the man's dead

George
    $200 11
(Bernard: What is Oktoberfest?)
[Originally judged incorrect, the ruling against Bernard is reversed after the break, as some Oktoberfest celebrations do include bobbing for apples]

Halloween

BernardSeth
    $200 17
the Roadrunner

Seth
    $200 16
Eve

Seth
    $200 6
irons

Seth
    $400 21
Pakistan

Bernard
    $400 2
a match

Seth
    $400 12
Martin Luther King

Bernard
    $400 18
Snoopy

George
    $400 25
wine

Seth
    $400 7
intestines

George
    $600 22
Panamanian

George
    $600 3
9

George
    $600 13
6

Bernard
    $600 19
Eddie Murphy

Bernard
    $600 28
the Jordan

George
    $600 8
imagination

George
    $2,000 23
Latvia (or Lithuania or Estonia)

George
    $800 4
90

George
    $800 14
Memorial Day

Seth
    $800 26
(George: Who is SpongeBob SquareFish?)

SpongeBob SquarePants

GeorgeSeth
    $800 29
Abraham

George
    $800 9
illegal

Bernard
    $1000 24
(Bernard: What is Luxembourg?)

Liechtenstein

GeorgeBernard
    $1000 5
penguins are in the Antarctic

Seth
    $1000 15
Arbor Day

George
    $1000 27
(Alex: You mean to tell me you guys don't watch [*]?)

The Powerpuff Girls

Triple Stumper
    $1000 30
Jacob

George
    $1000 10
(George: What is an intimidation?)

innuendo

George
Triple Stumper

Scores at the first commercial break (after clue 15):

George Bernard Seth
$2,600 $2,000 $2,600

Scores at the end of the Jeopardy! Round:

George Bernard Seth
$8,400 $2,000 $4,200

Double Jeopardy! Round responses

17th CENTURY AMERICA
TEENS IN MUSICALS
GOVERNMENT & POLITICS
SCIENCE
COLLEGES & UNIVERSITIES
WORD UP
    $400 12
the Mayflower

Bernard
    $400 26
Catherine Zeta-Jones

George
    $400 1
the Treasury

George
    $400 11
(Seth: What is a spectrum?)

fiber optics

Seth
Triple Stumper
    $400 6
UCLA

Bernard
    $400 13
the

George
    $800 18
(George: Who was Stuyvesant?)

Peter Minuit

George
Triple Stumper
    $800 27
Julie Andrews

Seth
    $800 2
Franklin Delano Roosevelt

Bernard
    $800 22
carbon dioxide

George
    $800 7
Carnegie Mellon

Bernard
    $800 14
eight

George
    $1200 19
Michigan

George
    $1200 28
Bye Bye Birdie

Seth
    $1200 3
Delaware

Bernard
    $2,000 23
the humerus

George
    $1200 8
Penn

Seth
    $1200 15
"the apple"

Bernard
    $1600 20
Maine

George
    $5,000 29
The Sound of Music

Seth
    $1600 4
the franking privilege

George
    $1600 24
Paleozoic

Seth
    $1600 9
Columbia

George
    $1600 16
swab

George
    $2000 21
Roger Williams

Bernard
    $2000 30
(George: What is West Side Story?)

Bugsy Malone

George
Triple Stumper
    $2000 5
the Atomic Energy Commission

Bernard
    $2000 25
plutonium

George
    $2000 10
Oberlin

George
    $2000 17
Iraq

Bernard

Scores at the end of the Double Jeopardy! Round:

George Bernard Seth
$22,000 $12,800 $13,600

[wagering suggestions for these scores]

Final Jeopardy! Round responses

20th CENTURY BRITISH NOVELS
(Alex: The 20th century British novel is by William Golding, [*].)
BernardWhat is In God We Trust?
$2,200
SethWhat is The devil?
$12,000
GeorgeWhat is the Devil's Advocate?
$12,503
Lord of the Flies

Final scores:

George Bernard Seth
$9,497 $10,600 $1,600

Cumulative scores:

George Bernard Seth
$29,497 $32,600 $28,900
1st runner-up: $29,497 Tournament champion: $50,000 + a 2003 Mitsubishi Eclipse Spyder 2nd runner-up: $28,900

Game dynamics:

Coryat scores:

George Bernard Seth
$20,000 $12,800 $10,200
27 R
(including 2 DDs),
4 W
15 R,
1 W
14 R
(including 1 DD),
1 W

Combined Coryat: $43,000

[game clues] [game scores] [suggest correction]

Game tape date: 2001-12-18
The J! Archive is created by fans, for fans. Scraping, republication, monetization, and malicious use prohibited; this site may use cookies and collect identifying information. See terms. The Jeopardy! game show and all elements thereof, including but not limited to copyright and trademark thereto, are the property of Jeopardy Productions, Inc. and are protected under law. This website is not affiliated with, sponsored by, or operated by Jeopardy Productions, Inc. Join the discussion at JBoard.tv.